[Event "Lippe Cup-B 08th"]
[Site "Lieme"]
[Date "2011.10.30"]
[Round "4"]
[White "Borchmann, Thorsten"]
[Black "Fieberg, Christoph"]
[Result "0-1"]
[WhiteElo "1568"]
[BlackElo "1766"]
[PlyCount "56"]
[EventDate "2011.10.28"]
[EventType "swiss"]
[EventRounds "5"]
[EventCountry "GER"]
[SourceTitle "EXT 2012"]
[Source "ChessBase"]
[SourceDate "2011.11.24"]
[SourceVersion "1"]
[SourceVersionDate "2011.11.24"]
[SourceQuality "1"]

1. e4 c5 2. Nc3 Nc6 3. f4 g6 4. Nf3 Bg7 5. Bb5 Nd4 6. 0-0 Nxb5 7. Nxb5 d6 8. d3 a6 9. Nc3 b5 10. Qe1 b4 11. Nd5 e6 12. Ne3 Ne7 13. f5 0-0 14. fxg6 fxg6 15. Qh4 Nc6 16. Qh3 d5 17. exd5 exd5 18. Qg3 Ra7 19. Rb1 Raf7 20. Bd2 Bh6 21. Rf2 Bf4 22. Qh4 Qxh4 23. Nxh4 Bxh2+ 24. Kxh2 Rxf2 25. Nf3 R8xf3 26. Kg1 Rf7 27. Be1 Re2 28. Nxd5 Rxc2 0-1